Statistics for AFL Leading Goal Kickers by Decade

Click here to take the quiz!

General Stats

  • This quiz has been taken 35 times
  • The average score is 28 of 50

Answer Stats

DecadeAnswerGoals% Correct
1990sJason Dunstall777
100%
1980sJason Dunstall477
100%
1990sTony Lockett892
100%
1980sTony Lockett465
100%
2010sLance Franklin639
96%
2000sJonathan Brown423
92%
2010sJosh Kennedy562
92%
2010sJack Riewoldt574
88%
1990sGary Ablett Senior619
85%
1980sGary Ablett Senior412
85%
2000sMatthew Lloyd681
85%
2010sTom Hawkins495
81%
1990sTony Modra511
81%
2010sEddie Betts477
77%
2010sTaylor Walker403
77%
2000sBrendan Fevola575
73%
2010sJarryd Roughead394
69%
2000sFraser Gehrig424
65%
2010sJeremy Cameron403
65%
1980sLeigh Matthews366
62%
1970sLeigh Matthews542
62%
2000sBrad Johnson447
58%
1980sBrian Taylor518
58%
1990sWayne Carey567
58%
2010sJack Darling378
54%
2000sMatthew Richardson426
54%
1970sDoug Wade481
50%
2010sLuke Breust392
50%
1990sSav Rocca487
50%
2000sWarren Tredrea466
50%
2000sBarry Hall548
46%
2000sDavid Neitz414
46%
1970sKevin Bartlett403
46%
1970sPeter Hudson430
46%
1970sPeter McKenna624
46%
1990sStephen Kernahan490
46%
2000sDaniel Bradshaw442
38%
1990sJohn Longmire481
38%
1990sPeter Sumich467
38%
1980sWarwick Capper340
38%
1980sBernie Quinlan510
31%
1980sMichael Roach508
27%
1970sKelvin Templeton385
23%
1980sSimon Beasley575
23%
1970sMichael Moncrieff441
19%
1970sLarry Donohue336
15%
1990sStewart Lowe470
15%
1970sJohn Murphy315
8%
1980sMick Conlan347
8%
1970sRobert Walls383
8%

Score Distribution

Percentile by Number Answered

Percent of People with Each Score

Your Score History

You have not taken this quiz